1700 1793 1896 1487 1535 1492 1693 1172 1453 1199 1961 1522 1913 1678 1041 1076 1512 1330 1878 1579 1267 1720 1761 1129 1692 1539 1748 1496 1640 1753 1785 1424 1698 1705 1570 1989 1355 1797 1600 1329 1253 1944 1930 1662 1615 1252 1243 1697 1429 1517 1686 1836 1213 1156 1558 1105 1353 1813 1490 1853 1889 1504 1781 1073 1603 1210 1096 1330 1679 1123 1972 1048 1278 1609 1336 1873 1567 1357 1578 1558 1021 1471 1815 1427 1288 1730 1779 1586 1640 1825 1656 1201 1074 1571 1990 1834 1898 1128 1106 BCNSPRNW ULIB Ver.6.0+V

เปลี่ยนเป็นภาษาไทย

Change to English
 แสดงรายละเอียดบรรณานุกรม
  กลับหน้าหลัก

Brief Record : Get Marc (ISO 2709) : E-mail record : QR code < ปิดหน้าต่าง
LEADER : 00000nam 2200000uu 4500
001    13399112837
003     ULIB
008    110913s2552||||th 000 0 tha d
020    9786110300537
050  4 BQ5780^bห159 2552
245 00 หนึ่งร้อยเรื่องเล่าขาน :^bนิทานอีสปสอนธรรมเทียบพุทธศาสนสุภาษิตสำหรับเด็กและเยาวชนฉบับ คบคนเช่นไร เป็นคนเช่นนั้น /^cสถาบันบันลือธรรม
246 30 นิทานอีสปสอนธรรมเทียบพุทธศาสนสุภาษิตสำหรับเด็กและเยาวชนฉบับ คบคนเช่นไร เป็นคนเช่นนั้น
246 30 คบคนเช่นไร เป็นคนเช่นนั้น
246 37 อีสปสอนธรรม
246 38 นิทานอีสปสอนธรรมฉบับ คบคนเช่นไร เป็นคนเช่นนั้น
260    กรุงเทพฯ :^bธรรมสภา,^c2552
300    211 หน้า :^bภาพประกอบ ;^c21 ซม.
650  4 นิทานธรรมะ
650  4 นิทานคติธรรม
650  4 พุทธภาษิต
710 2  สถาบันบันลือธรรม
945    ^p99^l0^i17697
995    กัณชพร
999    ^aใช้งานได้ทุกระบบ
รายการนี้ยังไม่มีแท็ก
คุณยังไม่ได้ล็อกอิน คุณสามารถมีกิจกรรมร่วมกับเว็บไซต์ได้ แต่ต้องล็อกอินก่อน ::
  ล็อกอิน

รายการสื่อสารสนเทศ

ลำดับที่ ประเภท เลขเรียก/บาร์โค้ด สถานที่ สถานะ
- ไม่พบข้อมูล -

รายการใกล้เคียง
    หัวเรื่อง [นิทานธรรมะ]
    หัวเรื่อง [นิทานคติธรรม]
    หัวเรื่อง [พุทธภาษิต]

BibComment


ยังไม่เคยถูกคอมเมนท์

คอมเมนท์ทรัพยากรรายการนี้
  คอมเมนท์: หนึ่งร้อยเรื่องเล..


 Copyright 2026. Bcnsprnw @Library